01171 a2200253 45000010006000000050017000060080041000230030015000640400040000790800085001192450143002040200018003472640044003653000024004095050278004330410008007111000025007197000026007447000025007707000037007957000028008327000029008607000028008893697720260407155641.0260407a1989 arg spa dAR-UNSa-BCEJYS aAR-UNSa-BCEJYSbspacAR-UNSa-BCEJYS a342.4xConstituciones. Asambleas legislativas. Asambleas nacionales (Reforma...)10aLas nuevas constituciones provincialespCatamarca, Córdoba, Jujuy, La Rioja, Río Negro, Salta, San Juan, San Luis, Santiago del Estero a950-14-0508-7 1aBuenos Aires :bEdiciones Depalmac1989 axix, 268 p.c23 cm. a1. Los Preámbulos - 2. Principios y declaraciones - 3. Derechos - 4. Deberes - 5. Garantías - 6. Cultura y educación - 7. Economía y finanzas - 8. Poder Legislativo - 9. El Poder Ejecutivo - 10. Poder Judicial - 11. Ministerio Público - 12. Régimen Municipal -  aspa1 aCordeiro Pinto, Luis1 aFrías, Pedro José1 aGodoy, José Daniel1 aHernández, Antonio María (h)1 aIturrez, Arturo Horacio1 aVergara, Ricardo Alberto1 aZarza Mensaque, Alberto